000 01153cam a2200313 a 4500
999 _c522728
_d522728
001 2993666
003 NUST
005 20190104050238.0
008 920807s1992 pk a 000 0beng
010 _a 92931067
020 _cRs150.00
038 _awaseem
040 _aDLC
_cDLC
_dDLC
043 _aa-pk---
050 0 0 _aDS385.B44
_bL63 1992
082 _a954.90543
_bBEN
100 1 _aLodī, Yūsuf,
_d1938-
_912950
245 1 0 _aBenazir, a daisy on dust /
_cVai Ell.
260 _aKarachi :
_bTaj Hameed,
_c1990.
300 _a272 p. :
_bill. ;
_c25 cm.
520 _aCartoons on the life of Benazir Bhutto, former prime minister of Pakistan; chronologically arranged.
600 1 0 _aBhutto, Benazir,
_d1953-2007.
_96627
650 0 _aPrime ministers
_zPakistan
_xBiography.
_912951
650 0 _aPakistani wit and humor, Pictorial.
_912952
651 0 _aPakistan
_xPolitics and government
_y1971-1988
_xCaricatures and cartoons.
_912953
906 _a7
_bcbc
_corignew
_d3
_encip
_f19
_gy-gencatlg
942 _2ddc
_cBK